000 00911nas a2200277 4500
001 BR9000823
003 BR-BrBNA
005 20231205091816.0
007 ta
008 230509b bl.|||p| |||| 00| 00por d
040 _aBR-BrBNA
_bpor
_cBiblioteca Nacional de Agricultura
041 _a(Pt)
072 _aL53
100 1 _aEspeschit, C.J.B.
100 1 _aFonseca, F.A.
100 1 _aRodrigues, M.T.
100 1 _aTorres, R.A.
100 1 _aTorres, C.A.A.
245 1 _aEfeito de diferentes doses de gonadotropina serica (PMSG)na sincronizacao do estro e taxa ovulatoria em cabras tratadas com progestageno (MAP)e cloprostenol
650 _aCABRA
650 _aSINCRONIZACAO DO CIO
650 _aOVULACAO
773 0 _tRevista Brasileira de Reproducao Animal (Brazil)
_xISSN 0102-0803
_g(1987), v. 11(4) p. 169-177
_wBR9000823
909 _a202311
_bLúcia
_c55
_dLúcia Elande
942 _2AGRIS
_n0
_cANA
999 _c127492
_d127492